<?xml version="1.0" encoding="UTF-8"?>
<collection xmlns:xsi="http://www.w3.org/2001/XMLSchema-instance" xsi:schemaLocation="http://www.loc.gov/MARC21/slim http://www.loc.gov/standards/marcxml/schema/MARC21slim.xsd" xmlns="http://www.loc.gov/MARC21/slim">
 <record>
  <leader>00000ctm a22000003a 4500</leader>
  <controlfield tag="001">UP-99796217608810391</controlfield>
  <controlfield tag="003">Buklod</controlfield>
  <controlfield tag="005">20090505093049.0</controlfield>
  <controlfield tag="006">m    |o  d |      </controlfield>
  <controlfield tag="007">ta</controlfield>
  <controlfield tag="008">090505s        xx     d     r    |||| u|</controlfield>
  <datafield tag="035" ind1=" " ind2=" ">
   <subfield code="a">(iLib)UPD-00084796980</subfield>
  </datafield>
  <datafield tag="040" ind1=" " ind2=" ">
   <subfield code="a">DENGII</subfield>
  </datafield>
  <datafield tag="041" ind1=" " ind2=" ">
   <subfield code="a">eng</subfield>
  </datafield>
  <datafield tag="090" ind1=" " ind2="0">
   <subfield code="a">LG 993.5 2009 C65</subfield>
   <subfield code="b">C37</subfield>
  </datafield>
  <datafield tag="100" ind1="1" ind2=" ">
   <subfield code="a">Carampel, Alethea C.</subfield>
  </datafield>
  <datafield tag="245" ind1="1" ind2="0">
   <subfield code="a">TRACE</subfield>
   <subfield code="b">tracking and pose recognition of adults in health care environments</subfield>
   <subfield code="c">Alethea C. Carampel, Joanna Heidi R. Castillo, Maria Franchesca T. Pituk.</subfield>
  </datafield>
  <datafield tag="264" ind1=" " ind2="1">
   <subfield code="a">2009.</subfield>
  </datafield>
  <datafield tag="300" ind1=" " ind2=" ">
   <subfield code="a">viii, 43 leaves</subfield>
   <subfield code="b">ill.</subfield>
  </datafield>
  <datafield tag="501" ind1=" " ind2=" ">
   <subfield code="a">With user manual (bound with the main text).</subfield>
  </datafield>
  <datafield tag="502" ind1=" " ind2=" ">
   <subfield code="a">Thesis (B.S. Computer Science)--University of the Philippines, Diliman.</subfield>
  </datafield>
  <datafield tag="520" ind1=" " ind2=" ">
   <subfield code="a">Automated video surveillance is one of the most important breakthroughs in the field of computer vision. Being able to monitor a person real time is an additional high-light especially in health care environments. A common problem in these intitutions involves the inefficient tracking for manual supervision which may sometimes be problematic due to human errors and inaccuracy. In this paper, an automated surveillance system in health care environment is proposed. It will be used to replaces the one-to-one human intervention and keep track of the activities of all the patients present in the view. It will also enable an alarm every time a real fall or suspicious incident happens to a particular patient. Video analysis requires high quality and highly efficient algorithms for tracking as there is no time to do the costly object recognition each time a new image is captured. This system is divided into three main modules. The first module is Human Detection Module where the input video stream is processed for background subtraction using frame differencing, noise reduction and blob detection. The second module is Human Pose Recognition which analyzes the poses recognized and classifies it according to which pose it belongs. It is further reduced into three stages namely: feature extraction using shape context, machine learning phase using Support Vector Machine, and real time classification. The final module is Human Tracking where optical flow algorithm, which is a type of point tracking technique, was used. These algorithms are proven to have low computational cost which fits the application for real-time monitoring.</subfield>
  </datafield>
  <datafield tag="650" ind1=" " ind2="0">
   <subfield code="a">Human mechanics</subfield>
   <subfield code="x">Computer program.</subfield>
  </datafield>
  <datafield tag="650" ind1=" " ind2="0">
   <subfield code="a">Motion perception (Vision)</subfield>
   <subfield code="x">Computer simulation.</subfield>
  </datafield>
  <datafield tag="650" ind1=" " ind2="0">
   <subfield code="a">Computer vision.</subfield>
  </datafield>
  <datafield tag="653" ind1=" " ind2=" ">
   <subfield code="a">TRACE.</subfield>
  </datafield>
  <datafield tag="653" ind1=" " ind2=" ">
   <subfield code="a">Fall detection.</subfield>
  </datafield>
  <datafield tag="700" ind1="1" ind2=" ">
   <subfield code="a">Castillo, Joanna Heidi R.</subfield>
  </datafield>
  <datafield tag="700" ind1="1" ind2=" ">
   <subfield code="a">Pituk, Maria Franchesca T.</subfield>
  </datafield>
  <datafield tag="905" ind1=" " ind2=" ">
   <subfield code="a">FI</subfield>
  </datafield>
  <datafield tag="905" ind1=" " ind2=" ">
   <subfield code="a">UP</subfield>
  </datafield>
  <datafield tag="852" ind1="0" ind2=" ">
   <subfield code="a">UPD</subfield>
   <subfield code="b">DENG-II</subfield>
   <subfield code="h">LG 993.5 2009 C65</subfield>
   <subfield code="i">C37</subfield>
  </datafield>
  <datafield tag="942" ind1=" " ind2=" ">
   <subfield code="a">Thesis</subfield>
  </datafield>
 </record>
</collection>
